| 000 | 00750nam a2200181 a 4500 | ||
|---|---|---|---|
| 001 | 000043321 | ||
| 005 | 20201002040818.0 | ||
| 008 | 140307s1988 sp 000 0 spa d | ||
| 040 |
_aDO-SdBNP _bspa _cBNPHU |
||
| 100 | 1 |
_aFlecha, Mateo, _d1530-1604 _970959 |
|
| 245 | 1 | 0 |
_aIl primo libro de madrigali / _cMateo Flecha, el joven ; introducción, estudio y transcripción, Mariano Lambea Castro. |
| 260 |
_aBarcelona : _bConsejo Superior de Investigaciones Científicas, _c1988. |
||
| 300 |
_a188 p. : _bil., lám. ; _c32 cm. |
||
| 490 | 1 |
_aMonumentos de la música española _v46 |
|
| 700 | 1 |
_aLambea Castro, Mariano. _970960 |
|
| 710 | 2 |
_aConsejo Superior de Investigaciones Científicas, _94786 |
|
| 830 | 0 |
_aMonumentos de la música española _v46 _965588 |
|
| 999 |
_c42810 _d42810 |
||